[Event "SW Autumn Open"]
[Site "Pencoed"]
[Date "2016.10.07"]
[Round "?"]
[White "Toczek, Grzegorz"]
[Black "Turner, Joseph David"]
[Result "1-0"]
[WhiteElo "2235"]
[BlackElo "1952"]
[PlyCount "55"]
[EventDate "2016.10.08"]
[EventType "swiss"]
[EventRounds "5"]
[EventCountry "WLS"]

1. d4 Nf6 2. c4 e5 3. d5 Bc5 4. e3 c6 5. Nc3 d6 6. Nge2 O-O 7. Ng3 Na6 8. a3
Nc7 9. Be2 cxd5 10. cxd5 a6 11. O-O b5 12. Kh1 h6 13. e4 g5 14. Be3 Ba7 15. Rc1
Nce8 16. Na2 Ng7 17. Nb4 Bd7 18. Nc6 Bxc6 19. Rxc6 Bb8 20. Qd2 Nd7 21. Bg4 Bc7
22. Rfc1 Bb8 23. Nf5 Nxf5 24. Bxf5 Re8 25. h4 f6 26. Qe2 Kg7 27. Qh5 Nf8 28.
Rc8 1-0

[Event "SW Autumn Open"]
[Site "Pencoed"]
[Date "2016.10.07"]
[Round "1.2"]
[White "Whitehead, Mark A"]
[Black "Jones, Steven A"]
[Result "0-1"]
[WhiteElo "1930"]
[BlackElo "2215"]
[PlyCount "74"]
[EventDate "2016.10.08"]
[EventType "swiss"]
[EventRounds "5"]
[EventCountry "WLS"]

1. e4 e5 2. Nf3 Nc6 3. Bb5 a6 4. Ba4 Nf6 5. O-O b5 6. Bb3 Bc5 7. c3 d6 8. Re1
O-O 9. a4 Rb8 10. Bc2 h6 11. b4 Bb6 12. h3 Re8 13. axb5 axb5 14. d3 Nh5 15. g4
Nf4 16. Bxf4 exf4 17. d4 h5 18. Nh2 Qh4 19. Kg2 hxg4 20. Nxg4 Re6 21. Rh1 Rg6
22. f3 Qg3+ 23. Kf1 Ne5 24. Nd2 Nxg4 25. hxg4 Bxg4 26. Rg1 Bh3+ 27. Ke2 Bg2 28.
Qe1 Qh3 29. Qf2 Rg3 30. Bd1 Re8 31. Kd3 d5 32. Kc2 dxe4 33. Nxe4 Rxe4 34. fxe4
Rxc3+ 35. Kb2 Bxe4 36. Qe2 Bxd4 37. Qxe4 Rc2+ 0-1

[Event "SW Autumn Open"]
[Site "Pencoed"]
[Date "2016.10.07"]
[Round "1.3"]
[White "Bullen, Alex"]
[Black "James, Dai"]
[Result "1-0"]
[WhiteElo "2046"]
[BlackElo "1897"]
[PlyCount "77"]
[EventDate "2016.10.08"]
[EventType "swiss"]
[EventRounds "5"]
[EventCountry "WLS"]

1. e4 e6 2. d4 Nf6 3. Nc3 a6 4. e5 Nd5 5. Nxd5 exd5 6. f4 d6 7. Nf3 Bf5 8. Bd3
Qd7 9. O-O Nc6 10. c3 Be7 11. Qc2 Bxd3 12. Qxd3 O-O-O 13. b4 dxe5 14. fxe5 f6
15. exf6 Bxf6 16. a4 Nb8 17. Bf4 Qg4 18. Ne5 Bxe5 19. Bxe5 Nd7 20. Bg3 Nf6 21.
b5 a5 22. b6 c6 23. Be5 Rdf8 24. Rf4 Qg5 25. h4 Qg6 26. Qh3+ Nd7 27. Rg4 Qf5
28. Bxg7 Rhg8 29. Qg3 Nxb6 30. Rg5 Qf4 31. Qh3+ Nd7 32. Bxf8 Rxf8 33. Rg7 Rf7
34. Rxf7 Qxf7 35. Re1 Kc7 36. Qg3+ Kb6 37. Rb1+ Ka6 38. Qc7 Nc5 39. Qb6# 1-0

[Event "SW Autumn Open"]
[Site "Pencoed"]
[Date "2016.10.07"]
[Round "1.4"]
[White "Jukes, Sam"]
[Black "Pleasants, Allan J"]
[Result "1/2-1/2"]
[WhiteElo "1699"]
[BlackElo "2027"]
[PlyCount "42"]
[EventDate "2016.10.08"]
[EventType "swiss"]
[EventRounds "5"]
[EventCountry "WLS"]

1. e4 g6 2. d4 d6 3. Nf3 Bg7 4. Be2 Nc6 5. O-O e5 6. c3 Nf6 7. Re1 O-O 8. Nbd2
exd4 9. cxd4 Re8 10. Bd3 Nb4 11. Bb1 c5 12. h3 cxd4 13. Nxd4 d5 14. exd5 Rxe1+
15. Qxe1 Nbxd5 16. N2f3 Qb6 17. b3 Bd7 18. Bb2 Re8 19. Qd2 Nh5 20. Bd3 Nhf4 21.
Bf1 a6 1/2-1/2

[Event "SW Autumn Open"]
[Site "Pencoed"]
[Date "2016.10.07"]
[Round "1.5"]
[White "Bevan, Peter M"]
[Black "Trickey, Andrew"]
[Result "1-0"]
[WhiteElo "1961"]
[BlackElo "1638"]
[PlyCount "79"]
[EventDate "2016.10.08"]
[EventType "swiss"]
[EventRounds "5"]
[EventCountry "WLS"]

1. c4 Nf6 2. g3 c6 3. Nf3 d5 4. Bg2 Bf5 5. b3 Qb6 6. d3 e6 7. O-O Bd6 8. Bb2
Nbd7 9. e4 Bg4 10. h3 Bxf3 11. Qxf3 Ne5 12. Qe2 dxe4 13. dxe4 O-O 14. Nc3 Qc7
15. Kh2 Be7 16. f4 Ng6 17. e5 Nd7 18. Be4 Rad8 19. Bc2 Rfe8 20. h4 f5 21. h5
Nh8 22. g4 fxg4 23. Qxg4 Nxe5 24. Qxe6+ Nef7 25. Ne4 Bh4 26. Qg4 Nh6 27. Qxh4
Rxe4 28. Bxe4 Rd2+ 29. Kh1 Rxb2 30. Rad1 N8f7 31. Bb1 c5 32. Rfe1 Qc6+ 33. Be4
Qc8 34. Rg1 Re2 35. Qg3 g5 36. hxg6 hxg6 37. Bxg6 Kf8 38. Bxf7 Ng4 39. Qxg4
Qc6+ 40. Rg2 1-0

[Event "SW Autumn Open"]
[Site "Pencoed"]
[Date "2016.10.08"]
[Round "2.1"]
[White "Bullen, Alex"]
[Black "Toczek, Grzegorz"]
[Result "1/2-1/2"]
[WhiteElo "2046"]
[BlackElo "2235"]
[PlyCount "98"]
[EventDate "2016.10.08"]
[EventType "swiss"]
[EventRounds "5"]
[EventCountry "WLS"]

1. e4 c5 2. Nf3 Nc6 3. d4 cxd4 4. Nxd4 Nf6 5. Nc3 d6 6. g3 e6 7. Bg2 Be7 8. O-O
O-O 9. Nb3 a6 10. f4 Qc7 11. a4 Na5 12. Nxa5 Qxa5 13. Kh1 Bd7 14. Be3 Bc6 15.
Bd4 Rad8 16. Qd3 e5 17. Bg1 d5 18. exd5 Nxd5 19. Nxd5 Bxd5 20. Bxd5 Rxd5 21.
Bb6 Rxd3 22. Bxa5 Rd5 23. Bc3 exf4 24. Rxf4 Bc5 25. Re1 f6 26. Rfe4 Kf7 27. Bb4
Bxb4 28. Rxb4 Rd7 29. Rbe4 Rc8 30. c3 Rc6 31. R1e2 Rcd6 32. Kg2 Rd3 33. Kf2 h5
34. Kg2 Kg6 35. Kf2 Rd2 36. Re7 Rxe2+ 37. Rxe2 Kf5 38. Kf3 b5 39. axb5 axb5 40.
b3 g5 41. h3 Rd1 42. g4+ Kg6 43. Re6 h4 44. Re3 Kf7 45. Ke4 Ke6 46. c4 bxc4 47.
bxc4 Rf1 48. Kd4+ Kd6 49. c5+ Kd7 1/2-1/2

[Event "SW Autumn Open"]
[Site "Pencoed"]
[Date "2016.10.08"]
[Round "2.2"]
[White "Jones, Steven A"]
[Black "Bevan, Peter M"]
[Result "1-0"]
[WhiteElo "2215"]
[BlackElo "1961"]
[PlyCount "103"]
[EventDate "2016.10.08"]
[EventType "swiss"]
[EventRounds "5"]
[EventCountry "WLS"]

1. e4 c5 2. Nf3 e6 3. d4 cxd4 4. Nxd4 a6 5. Nc3 Qc7 6. Bd3 Bc5 7. Nb3 Be7 8. f4
d6 9. Qf3 Nf6 10. Be3 Nbd7 11. g4 g5 12. e5 Nd5 13. Nxd5 exd5 14. exd6 Qxd6 15.
O-O-O gxf4 16. Bxf4 Ne5 17. Qg3 Nxd3+ 18. Rxd3 Qg6 19. Re1 Be6 20. Nd4 Bg5 21.
Nxe6 fxe6 22. Rxd5 Bxf4+ 23. Qxf4 Rf8 24. Qc4 Kf7 25. Rd7+ Kg8 26. Qxe6+ Qxe6
27. Rxe6 Rf1+ 28. Kd2 Rf2+ 29. Re2 Rxe2+ 30. Kxe2 Rc8 31. c3 b5 32. Rd6 Rc4 33.
Rxa6 Rxg4 34. Kf3 Rh4 35. Rb6 Rh5 36. Rb7 Rxh2 37. Rxb5 Kg7 38. a4 Rh1 39. a5
Ra1 40. b4 Ra3 41. Rc5 Kf6 42. Ke4 h5 43. Rxh5 Rxc3 44. Kd4 Ra3 45. Kc5 Ke6 46.
a6 Kd7 47. Rh7+ Kc8 48. a7 Rc3+ 49. Kb6 Ra3 50. a8=Q+ Rxa8 51. Rh8+ Kd7 52.
Rxa8 1-0

[Event "SW Autumn Open"]
[Site "Pencoed"]
[Date "2016.10.08"]
[Round "2.3"]
[White "Pleasants, Allan J"]
[Black "McCarthy, Damian"]
[Result "1/2-1/2"]
[WhiteElo "2027"]
[BlackElo "1878"]
[PlyCount "149"]
[EventDate "2016.10.08"]
[EventType "swiss"]
[EventRounds "5"]
[EventCountry "WLS"]

1. Nf3 c5 2. g3 g6 3. Bg2 Bg7 4. c4 Nc6 5. Nc3 d6 6. O-O e5 7. Rb1 Nge7 8. a3
a5 9. d3 O-O 10. Ne1 Be6 11. Nd5 Rb8 12. Nc2 b5 13. Bg5 f6 14. Bd2 b4 15. e4 b3
16. Nce3 a4 17. f4 Nd4 18. Bc3 Bxd5 19. Nxd5 Nxd5 20. exd5 f5 21. Bxd4 cxd4 22.
Qf3 Re8 23. fxe5 Rxe5 24. Rfe1 Qe7 25. Rxe5 Qxe5 26. c5 dxc5 27. d6 Qxd6 28.
Qd5+ Qxd5 29. Bxd5+ Kf8 30. Rc1 Ke7 31. Bc6 Kd6 32. Bxa4 Bh6 33. Rd1 Be3+ 34.
Kg2 Kd5 35. Kf3 g5 36. Bd7 f4 37. g4 h6 38. a4 c4 39. dxc4+ Kxc4 40. a5 Rb7 41.
Be6+ Kb5 42. Rd3 Kxa5 43. Rxb3 Rxb3 44. Bxb3 Bc1 45. Ke2 Kb4 46. Bd5 Bxb2 47.
Kd3 Kc5 48. Bf3 Kd6 49. Ke4 Ke6 50. h3 Kf6 51. Be2 Ke6 52. Bf3 Kd6 53. Be2 Kc5
54. h4 gxh4 55. Kxf4 Bc1+ 56. Kf3 Kb4 57. Kg2 Kc3 58. Kh3 Bg5 59. Kh2 Kd2 60.
Ba6 Bf4+ 61. Kh3 Bg3 62. Kg2 Ke3 63. Kh3 Be1 64. Bb5 Kf4 65. Ba6 Ke3 66. Bb5 d3
67. Bxd3 Kxd3 68. Kg2 Ke3 69. Kh2 Kf3 70. Kh1 Kg3 71. Kg1 Bd2 72. Kh1 h3 73.
Kg1 Be3+ 74. Kh1 Kxg4 75. Kh2 1/2-1/2

[Event "SW Autumn Open"]
[Site "Pencoed"]
[Date "2016.10.08"]
[Round "2.4"]
[White "Haigh, Tony"]
[Black "White, Ernest M"]
[Result "1/2-1/2"]
[WhiteElo "1804"]
[BlackElo "1889"]
[PlyCount "124"]
[EventDate "2016.10.08"]
[EventType "swiss"]
[EventRounds "5"]
[EventCountry "WLS"]

1. d4 f5 2. g3 g6 3. Bg2 Bg7 4. Nf3 Nf6 5. c4 O-O 6. O-O d6 7. Nc3 Nc6 8. d5
Ne5 9. Nxe5 dxe5 10. e4 f4 11. gxf4 exf4 12. e5 Ng4 13. e6 Ne5 14. Re1 a6 15.
Re4 f3 16. Bf1 g5 17. Bxg5 Qe8 18. Bf4 Qg6+ 19. Bg3 b6 20. Kh1 Qh5 21. Rh4 Qg6
22. Qb1 Bb7 23. Qxg6 Nxg6 24. Re4 Rac8 25. Rd1 Rfd8 26. Re3 Rf8 27. Rdd3 c6 28.
d6 exd6 29. Rxd6 Rfe8 30. Rd7 Bxc3 31. bxc3 Ba8 32. e7 c5 33. Bh3 Bc6 34. Rd6
Rxe7 35. Bxc8 Rxe3 36. h4 Re1+ 37. Kh2 Ne7 38. Re6 Rxe6 39. Bxe6+ Kg7 40. Bc7
Kf6 41. Bg4 b5 42. Bb6 bxc4 43. Bxc5 Ng6 44. Kg3 Bd5 45. Bxf3 Bxf3 46. Kxf3
Nxh4+ 47. Ke4 Ke6 48. Kd4 h5 49. Kxc4 Nf3 50. Bb6 h4 51. Bc7 h3 52. Bg3 Nd2+
53. Kb4 Ne4 54. Bh2 Nxf2 55. Ka5 Kd5 56. Kxa6 Ne4 57. a4 Nxc3 58. a5 Kc6 59.
Ka7 Nb5+ 60. Kb8 Nc3 61. a6 Nb5 62. a7 Nxa7 1/2-1/2

[Event "SW Autumn Open"]
[Site "Pencoed"]
[Date "2016.10.08"]
[Round "2.5"]
[White "Roberts, Lynda"]
[Black "Williams, David J"]
[Result "1/2-1/2"]
[WhiteElo "1881"]
[BlackElo "1531"]
[PlyCount "96"]
[EventDate "2016.10.08"]
[EventType "swiss"]
[EventRounds "5"]
[EventCountry "WLS"]

1. e4 e5 2. Nf3 Nc6 3. Bb5 a6 4. Bxc6 dxc6 5. d4 exd4 6. Qxd4 Qxd4 7. Nxd4 f6
8. Be3 Bd6 9. Nd2 Ne7 10. f4 O-O 11. O-O c5 12. N4f3 Ng6 13. g3 b5 14. Nb3 c4
15. Nc5 Re8 16. Rad1 Bg4 17. Rde1 Bxc5 18. Bxc5 Bxf3 19. Rxf3 Rad8 20. Rfe3 Rd2
21. R3e2 Red8 22. Bb4 Rd1 23. Kf2 Kf7 24. Ba5 Rxe1 25. Kxe1 Rd7 26. Rd2 Rxd2
27. Kxd2 c6 28. Bb4 h5 29. h4 Nf8 30. Ke3 Nd7 31. Kd4 g6 32. f5 gxf5 33. exf5
Ke8 34. a4 Kf7 35. b3 cxb3 36. cxb3 Ke8 37. Bd6 Kd8 38. axb5 axb5 39. Ke4 Ke8
40. b4 Kf7 41. g4 hxg4 42. Kf4 g3 43. Kxg3 Kg7 44. Kg4 Kh7 45. Kh5 Kg7 46. Kg4
Kh7 47. h5 Kg7 48. Kh4 Kh7 1/2-1/2

[Event "SW Autumn Open"]
[Site "Pencoed"]
[Date "2016.10.08"]
[Round "2.6"]
[White "Turner, Joseph David"]
[Black "Jukes, Sam"]
[Result "1-0"]
[WhiteElo "1952"]
[BlackElo "1699"]
[PlyCount "79"]
[EventDate "2016.10.08"]
[EventType "swiss"]
[EventRounds "5"]
[EventCountry "WLS"]

1. e4 e5 2. f4 exf4 3. Bc4 Qh4+ 4. Kf1 Nf6 5. Nf3 Qh5 6. Qe2 d5 7. exd5+ Be7 8.
Nc3 Bg4 9. d4 g5 10. Bd2 Nbd7 11. h3 O-O 12. Kg1 Bxf3 13. gxf3 Bd6 14. Qg2 Kh8
15. Ne4 Nxe4 16. fxe4 Nf6 17. Be2 Qg6 18. Bd3 Qh5 19. e5 f3 20. Qg3 Nxd5 21.
exd6 f5 22. Qe5+ Nf6 23. d7 Rad8 24. Bxf5 Qh4 25. Be1 Qh6 26. Bg3 Qg7 27. Re1
Nxd7 28. Qxg7+ Kxg7 29. Re7+ Kf6 30. Rxd7 Kxf5 31. Rxd8 Rxd8 32. c3 c5 33. Be5
Ke4 34. Kf2 h5 35. Re1+ Kf5 36. Kxf3 g4+ 37. hxg4+ hxg4+ 38. Kg3 Rg8 39. Rf1+
Ke6 40. Rf4 1-0

[Event "SW Autumn Open"]
[Site "Pencoed"]
[Date "2016.10.08"]
[Round "2.7"]
[White "James, Dai"]
[Black "Whitehead, Mark A"]
[Result "1/2-1/2"]
[WhiteElo "1897"]
[BlackElo "1930"]
[PlyCount "44"]
[EventDate "2016.10.08"]
[EventType "swiss"]
[EventRounds "5"]
[EventCountry "WLS"]

1. f4 d5 2. Nf3 Nf6 3. g3 c6 4. Bg2 g6 5. O-O Bg7 6. d3 Qb6+ 7. d4 O-O 8. h3
Ne4 9. Kh2 c5 10. c3 Nc6 11. e3 e6 12. Nbd2 f5 13. Ne5 Nxe5 14. fxe5 Bd7 15.
Nxe4 fxe4 16. b3 Rxf1 17. Qxf1 Qa5 18. Bb2 Bh6 19. Qe2 Rf8 20. c4 b6 21. a3 Qa6
22. Re1 Qc8 1/2-1/2

[Event "SW Autumn Open"]
[Site "Pencoed"]
[Date "2016.10.08"]
[Round "3.4"]
[White "Williams, David J"]
[Black "Turner, Joseph David"]
[Result "1/2-1/2"]
[WhiteElo "1531"]
[BlackElo "1952"]
[PlyCount "71"]
[EventDate "2016.10.08"]
[EventType "swiss"]
[EventRounds "5"]
[EventCountry "WLS"]

1. c4 e5 2. Nc3 Bb4 3. Qc2 Nf6 4. g3 Nc6 5. Bg2 Nd4 6. Qa4 O-O 7. e3 Nc6 8.
Nge2 Re8 9. Nd5 Bf8 10. Nec3 Nxd5 11. cxd5 Ne7 12. O-O c6 13. d3 b5 14. Qh4 b4
15. dxc6 Nxc6 16. Qxd8 Rxd8 17. Nd5 Ba6 18. Be4 Rac8 19. Bd2 g6 20. g4 Rb8 21.
g5 Bb7 22. Rac1 Ne7 23. Nf6+ Kg7 24. Bxb7 Rxb7 25. f4 exf4 26. Rxf4 Rb5 27. h4
Nd5 28. Nxd5 Rxd5 29. d4 Bd6 30. Rf6 a5 31. Rcf1 Rf8 32. Kg2 Be7 33. Ra6 f6 34.
gxf6+ Rxf6 35. Raxf6 Bxf6 36. Kh3 1/2-1/2

[Event "SW Autumn Open"]
[Site "Pencoed"]
[Date "2016.10.08"]
[Round "3.5"]
[White "White, Ernest M"]
[Black "Roberts, Lynda"]
[Result "1/2-1/2"]
[WhiteElo "1889"]
[BlackElo "1881"]
[PlyCount "48"]
[EventDate "2016.10.08"]
[EventType "swiss"]
[EventRounds "5"]
[EventCountry "WLS"]

1. e4 c5 2. Nf3 g6 3. d4 cxd4 4. Nxd4 Nc6 5. Nc3 Bg7 6. Be3 Nf6 7. Be2 d6 8.
O-O O-O 9. h3 a6 10. Qd2 Nxd4 11. Bxd4 b5 12. a3 Bb7 13. f3 h5 14. Rfd1 Rc8 15.
Be3 Kh7 16. Bd3 Nd7 17. Bg5 Ne5 18. Ne2 Nc4 19. Bxc4 Rxc4 20. c3 Qd7 21. Ng3 f6
22. Be3 Qc7 23. Qf2 Rc6 24. Ne2 e5 1/2-1/2

[Event "SW Autumn Open"]
[Site "Pencoed"]
[Date "2016.10.08"]
[Round "3.6"]
[White "McCarthy, Damian"]
[Black "Haigh, Tony"]
[Result "1/2-1/2"]
[WhiteElo "1878"]
[BlackElo "1804"]
[PlyCount "95"]
[EventDate "2016.10.08"]
[EventType "swiss"]
[EventRounds "5"]
[EventCountry "WLS"]

1. e4 Nf6 2. e5 Nd5 3. c4 Nb6 4. d4 d6 5. exd6 exd6 6. Nc3 g6 7. Bd3 Bg7 8.
Qe2+ Qe7 9. Qxe7+ Kxe7 10. Nge2 N8d7 11. Bg5+ f6 12. Be3 c6 13. O-O f5 14. c5
dxc5 15. dxc5 Nd5 16. Bg5+ Bf6 17. Nxd5+ cxd5 18. Bxf6+ Nxf6 19. Nd4 Bd7 20. b4
a6 21. f3 Rac8 22. Rfe1+ Kf7 23. Re3 Rhe8 24. Rae1 Rxe3 25. Rxe3 a5 26. a3 axb4
27. axb4 Ra8 28. Bb5 Ra1+ 29. Kf2 Rb1 30. Bxd7 Nxd7 31. Rb3 Rxb3 32. Nxb3 f4
33. Ke2 Ne5 34. Kd2 Ke6 35. Kc3 Nc4 36. Kd4 b5 37. cxb6 Nxb6 38. Nc5+ Kd6 39.
Nd3 g5 40. h4 h6 41. hxg5 hxg5 42. Nf2 Nc4 43. Nh3 Ne3 44. Nxg5 Nxg2 45. b5 Ne1
46. b6 Kc6 47. b7 Kxb7 48. Kxd5 1/2-1/2

[Event "SW Autumn Open"]
[Site "Pencoed"]
[Date "2016.10.08"]
[Round "3.7"]
[White "Jukes, Sam"]
[Black "James, Dai"]
[Result "1-0"]
[WhiteElo "1699"]
[BlackElo "1897"]
[PlyCount "95"]
[EventDate "2016.10.08"]
[EventType "swiss"]
[EventRounds "5"]
[EventCountry "WLS"]

1. d4 e6 2. c4 Nf6 3. Nf3 c5 4. e3 cxd4 5. exd4 d5 6. Nc3 Be7 7. b3 Qa5 8. Bd2
Bb4 9. Qc2 Ne4 10. Nxe4 dxe4 11. Qxe4 O-O 12. Bd3 f5 13. Qe2 Nc6 14. Bxb4 Qxb4+
15. Qd2 Rd8 16. Qxb4 Nxb4 17. Kd2 Bd7 18. Kc3 Nxd3 19. Kxd3 Bc6 20. Rhe1 Bxf3
21. gxf3 Kf7 22. Re5 Rd6 23. Ke3 Rad8 24. Rd1 g5 25. a4 Kf6 26. Rb5 b6 27. a5
R8d7 28. axb6 axb6 29. b4 Ra7 30. c5 bxc5 31. bxc5 Rc6 32. Rdb1 Rac7 33. Rb7 e5
34. Rxc7 exd4+ 35. Kxd4 Rxc7 36. Rb6+ Ke7 37. Kd5 Rd7+ 38. Rd6 Rxd6+ 39. cxd6+
Kd7 40. f4 gxf4 41. Ke5 f3 42. Kd5 Kd8 43. Ke6 Ke8 44. Kxf5 Kd7 45. Ke5 Kd8 46.
Ke6 Ke8 47. d7+ Kd8 48. h3 1-0

[Event "SW Autumn Open"]
[Site "Pencoed"]
[Date "2016.10.09"]
[Round "4.1"]
[White "Jones, Steven A"]
[Black "Bullen, Alex"]
[Result "1-0"]
[WhiteElo "2215"]
[BlackElo "2046"]
[PlyCount "111"]
[EventDate "2016.10.08"]
[EventType "swiss"]
[EventRounds "5"]
[EventCountry "WLS"]

1. e4 c5 2. Nf3 Nc6 3. Nc3 d6 4. d4 cxd4 5. Nxd4 e5 6. Nf5 Bxf5 7. exf5 Be7 8.
Nd5 Qa5+ 9. c3 Nf6 10. Bc4 Nxd5 11. Qxd5 Qxd5 12. Bxd5 Bd8 13. g4 Rb8 14. Be3
Ne7 15. Bg2 Bb6 16. Bxb6 axb6 17. O-O-O Kd7 18. Be4 Kc7 19. f4 Nc6 20. Bd5 exf4
21. Bxf7 Ne5 22. Bd5 g5 23. h4 Nxg4 24. Rhg1 h5 25. hxg5 Ne3 26. g6 Rhf8 27. g7
Rxf5 28. g8=Q Rxg8 29. Bxg8 Nxd1 30. Kxd1 f3 31. Bc4 d5 32. Bd3 Rf4 33. Rh1 h4
34. Ke1 Rg4 35. Rh2 Kd6 36. Kf2 d4 37. Kxf3 Rg3+ 38. Ke4 dxc3 39. bxc3 h3 40.
Bf1 Rxc3 41. Rxh3 Rc1 42. Bb5 Kc5 43. a4 Re1+ 44. Kd3 Re7 45. Rh5+ Kb4 46. Kd4
Rc7 47. Rh8 Rc1 48. Rh7 Rd1+ 49. Ke5 Ka5 50. Rxb7 Rd2 51. Ra7+ Kb4 52. Rd7 Rc2
53. Kd6 Rh2 54. Kc6 Rh3 55. Kxb6 Rd3 56. Bxd3 1-0

[Event "SW Autumn Open"]
[Site "Pencoed"]
[Date "2016.10.09"]
[Round "4.2"]
[White "Pleasants, Allan J"]
[Black "Toczek, Grzegorz"]
[Result "1/2-1/2"]
[WhiteElo "2027"]
[BlackElo "2235"]
[PlyCount "70"]
[EventDate "2016.10.08"]
[EventType "swiss"]
[EventRounds "5"]
[EventCountry "WLS"]

1. d4 Nf6 2. Nf3 g6 3. g3 Bg7 4. Bg2 O-O 5. O-O d6 6. c4 a6 7. Nc3 Nc6 8. h3
Rb8 9. b3 b5 10. cxb5 axb5 11. Bb2 b4 12. Na4 Na7 13. Rc1 Bd7 14. Nd2 Ne8 15.
Nc4 Bxa4 16. bxa4 c6 17. Qb3 e6 18. Rfd1 Bf6 19. e4 Be7 20. d5 exd5 21. exd5 c5
22. Re1 Nc8 23. Rc2 Ng7 24. h4 Bf6 25. Bh3 Bxb2 26. Rxb2 Ne7 27. Na5 Qxa5 28.
Rxe7 Rfe8 29. Rbe2 Rxe7 30. Rxe7 Qd8 31. Rd7 Qf6 32. a5 Nf5 33. Bxf5 Qxf5 34.
Rxd6 Re8 35. Kg2 Re2 1/2-1/2

[Event "SW Autumn Open"]
[Site "Pencoed"]
[Date "2016.10.09"]
[Round "4.3"]
[White "Haigh, Tony"]
[Black "Bevan, Peter M"]
[Result "1-0"]
[WhiteElo "1804"]
[BlackElo "1961"]
[PlyCount "61"]
[EventDate "2016.10.08"]
[EventType "swiss"]
[EventRounds "5"]
[EventCountry "WLS"]

1. d4 Nf6 2. Bg5 g6 3. Bxf6 exf6 4. e3 Bg7 5. g3 c6 6. Bg2 Qb6 7. b3 d5 8. Nd2
Be6 9. Ne2 f5 10. O-O Nd7 11. c4 Nf6 12. c5 Qc7 13. b4 O-O 14. a4 b6 15. Nb3
Nd7 16. Qc2 bxc5 17. Nxc5 Rfb8 18. Na6 Qd6 19. Nxb8 Rxb8 20. b5 c5 21. dxc5
Qxc5 22. Qxc5 Nxc5 23. Nd4 Bxd4 24. exd4 Nb3 25. Rad1 Rc8 26. Rd3 Nc1 27. Re3
Rc2 28. Bf3 Na2 29. Rb3 Rc4 30. a5 Nc1 31. Rb1 1-0

[Event "SW Autumn Open"]
[Site "Pencoed"]
[Date "2016.10.09"]
[Round "4.4"]
[White "Turner, Joseph David"]
[Black "White, Ernest M"]
[Result "1/2-1/2"]
[WhiteElo "1952"]
[BlackElo "1889"]
[PlyCount "107"]
[EventDate "2016.10.08"]
[EventType "swiss"]
[EventRounds "5"]
[EventCountry "WLS"]

1. e4 c5 2. Nf3 d6 3. d4 cxd4 4. Nxd4 Nf6 5. Nc3 a6 6. Bg5 e6 7. f4 Be7 8. Qf3
Qc7 9. O-O-O Nbd7 10. g4 b5 11. Bxf6 Nxf6 12. g5 Nd7 13. Rg1 b4 14. Nce2 Bb7
15. f5 e5 16. f6 gxf6 17. Nf5 fxg5 18. Ng7+ Kd8 19. Qxf7 Nc5 20. Ng3 Rf8 21.
Qc4 Rf2 22. Rg2 Rf8 23. Qxb4 Rb8 24. Qxc5 Qxc5 25. Ne6+ Ke8 26. Nxc5 dxc5 27.
Be2 Rf4 28. Bh5+ Kf8 29. Ne2 Rxe4 30. Rf1+ Kg8 31. Ng3 Rf4 32. Rd2 Rd8 33. Rfd1
Rxd2 34. Rxd2 Rd4 35. Re2 Bd6 36. Nf5 Rd5 37. Bf3 e4 38. Bxe4 Bf4+ 39. Ne3 Rd7
40. Bxb7 Rxb7 41. c3 Re7 42. Kd2 Kf7 43. Kd3 h5 44. h3 Bxe3 45. Rxe3 Rxe3+ 46.
Kxe3 Ke6 47. Ke4 Kf6 48. b4 cxb4 49. cxb4 Ke6 50. a4 Kd6 51. b5 axb5 52. axb5
Kc5 53. Kf5 g4 54. hxg4 1/2-1/2

[Event "SW Autumn Open"]
[Site "Pencoed"]
[Date "2016.10.09"]
[Round "4.5"]
[White "Whitehead, Mark A"]
[Black "McCarthy, Damian"]
[Result "1/2-1/2"]
[WhiteElo "1930"]
[BlackElo "1878"]
[PlyCount "35"]
[EventDate "2016.10.08"]
[EventType "swiss"]
[EventRounds "5"]
[EventCountry "WLS"]

1. e4 c5 2. Nc3 g6 3. g3 Bg7 4. Bg2 Nc6 5. d3 d6 6. Nge2 e6 7. O-O Nge7 8. a3
Rb8 9. Rb1 a5 10. Nb5 Nd4 11. c4 Nec6 12. Nec3 O-O 13. Bf4 Nxb5 14. Nxb5 e5 15.
Bd2 Be6 16. Qe1 b6 17. b3 Qd7 18. f3 1/2-1/2

[Event "SW Autumn Open"]
[Site "Pencoed"]
[Date "2016.10.09"]
[Round "4.6"]
[White "Roberts, Lynda"]
[Black "Jukes, Sam"]
[Result "1/2-1/2"]
[WhiteElo "1881"]
[BlackElo "1699"]
[PlyCount "75"]
[EventDate "2016.10.08"]
[EventType "swiss"]
[EventRounds "5"]
[EventCountry "WLS"]

1. e4 e5 2. Nf3 Nc6 3. Bb5 a6 4. Bxc6 dxc6 5. d4 exd4 6. Qxd4 Qxd4 7. Nxd4 c5
8. Ne2 Bd7 9. Bf4 O-O-O 10. Nbc3 Bc6 11. f3 Be7 12. Kf2 Nf6 13. Rad1 b6 14. g4
h6 15. Ng3 g6 16. Rxd8+ Kxd8 17. Rd1+ Kc8 18. e5 Nd7 19. Nge4 Bh4+ 20. Kg2 g5
21. Bc1 Nxe5 22. Nd5 Kb7 23. Ndf6 Kc8 24. b3 Rd8 25. Rxd8+ Kxd8 26. h3 Ng6 27.
Ng8 Be1 28. Kf1 Bxe4 29. fxe4 Bc3 30. Nxh6 f6 31. Ke2 Kd7 32. Kd3 Be5 33. Nf5
Ke6 34. Bd2 Kf7 35. Kc4 Ke6 36. Ng7+ Kd6 37. Nf5+ Ke6 38. Ng7+ 1/2-1/2

[Event "SW Autumn Open"]
[Site "Pencoed"]
[Date "2016.10.09"]
[Round "5.1"]
[White "Pleasants, Allan J"]
[Black "Jones, Steven A"]
[Result "0-1"]
[WhiteElo "2027"]
[BlackElo "2215"]
[PlyCount "56"]
[EventDate "2016.10.08"]
[EventType "swiss"]
[EventRounds "5"]
[EventCountry "WLS"]

1. Nf3 c5 2. c4 Nc6 3. Nc3 e5 4. g3 g6 5. Bg2 Bg7 6. a3 Nge7 7. Rb1 a5 8. O-O
O-O 9. d3 d6 10. Bg5 f6 11. Bd2 Be6 12. e4 Rb8 13. Ne1 Nd4 14. Nc2 f5 15. f4
exf4 16. Bxf4 b5 17. Ne3 b4 18. Ncd5 bxa3 19. Bg5 Nxd5 20. Bxd8 Nxe3 21. bxa3
Rfxd8 22. Qa4 Nxf1 23. Rxf1 fxe4 24. Bxe4 Ne2+ 25. Kg2 Nc3 26. Qxa5 Nxe4 27.
dxe4 Rf8 28. Rxf8+ Rxf8 0-1

[Event "SW Autumn Open"]
[Site "Pencoed"]
[Date "2016.10.09"]
[Round "5.2"]
[White "Toczek, Grzegorz"]
[Black "Williams, David J"]
[Result "1-0"]
[WhiteElo "2235"]
[BlackElo "1531"]
[PlyCount "61"]
[EventDate "2016.10.08"]
[EventType "swiss"]
[EventRounds "5"]
[EventCountry "WLS"]

1. e4 e5 2. d4 exd4 3. Qxd4 Nc6 4. Qe3 Nf6 5. Nc3 Nb4 6. Qe2 Be7 7. a3 Nc6 8.
Bf4 d6 9. O-O-O O-O 10. h3 Bd7 11. g4 b5 12. Bg2 Rb8 13. Nf3 b4 14. axb4 Rxb4
15. b3 Qb8 16. Rd3 Na5 17. Nd2 Bb5 18. Nxb5 Qxb5 19. Kd1 Qc6 20. Re1 Rfb8 21.
Qe3 Nd7 22. Qg3 Qa6 23. g5 Nc6 24. Nc4 Nc5 25. Rc3 Qa1+ 26. Kd2 Qa2 27. Ke2
Nxb3 28. Kf1 Nbd4 29. Qd3 Rb1 30. Bc1 Qa1 31. Ra3 1-0

[Event "SW Autumn Open"]
[Site "Pencoed"]
[Date "2016.10.09"]
[Round "5.3"]
[White "Jukes, Sam"]
[Black "Haigh, Tony"]
[Result "1/2-1/2"]
[WhiteElo "1699"]
[BlackElo "1804"]
[PlyCount "56"]
[EventDate "2016.10.08"]
[EventType "swiss"]
[EventRounds "5"]
[EventCountry "WLS"]

1. d4 e6 2. c4 f5 3. Nf3 Bb4+ 4. Bd2 Qe7 5. e3 Nf6 6. Bxb4 Qxb4+ 7. Qd2 Qxd2+
8. Nbxd2 b6 9. Be2 Bb7 10. O-O O-O 11. b4 d6 12. b5 Nbd7 13. a4 a5 14. Nb3 Ne4
15. Nfd2 Nxd2 16. Nxd2 e5 17. Nb3 Rae8 18. Rfe1 Rf6 19. Rac1 exd4 20. Nxd4 Nc5
21. Ra1 f4 22. Bf3 fxe3 23. Rxe3 Rxe3 24. fxe3 Bxf3 25. gxf3 Nd3 26. Ra2 Kf7
27. f4 Nc5 28. Kg2 Ke7 1/2-1/2

[Event "SW Autumn Open"]
[Site "Pencoed"]
[Date "2016.10.09"]
[Round "5.4"]
[White "Bullen, Alex"]
[Black "Roberts, Lynda"]
[Result "1-0"]
[WhiteElo "2046"]
[BlackElo "1881"]
[PlyCount "55"]
[EventDate "2016.10.08"]
[EventType "swiss"]
[EventRounds "5"]
[EventCountry "WLS"]

1. d4 f5 2. Nc3 d5 3. Nh3 g6 4. g3 Nf6 5. Bg2 c6 6. O-O Bg7 7. Bg5 h6 8. Bxf6
Bxf6 9. Nf4 Kf7 10. e3 Na6 11. Nce2 e6 12. c3 Nc7 13. Nd3 g5 14. f3 b6 15. e4
Kg7 16. exf5 exf5 17. Ne5 Qe8 18. f4 g4 19. Nc1 Bxe5 20. Re1 Be6 21. Rxe5 Qd7
22. Qe2 Rae8 23. Nd3 Nb5 24. Re1 Kf6 25. Re3 Qc8 26. Ne5 Bd7 27. Nxd7+ Qxd7 28.
Rxe8 1-0